| 000 | 00967 a2200289 4500 | ||
|---|---|---|---|
| 001 | 200130013 | ||
| 650 | 7 |
_aİşçi sınıfı _zİngiltere _xTarih . _2etuturkob _940794 |
|
| 999 |
_c200130013 _d31141 |
||
| 003 | TR-AnTOB | ||
| 005 | 20231206171537.0 | ||
| 008 | 130715p19631966nyu 001 0 | ||
| 020 | _a9780394703220 | ||
| 040 | _aTR-AnTOB | ||
| 041 | _aeng | ||
| 050 | 0 | 0 |
_aHD8388 _b.T46 1966 |
| 090 | _aHD8388 .T46 1966 | ||
| 100 | 1 |
_aThompson, E. P., _q(Edward Palmer), _d1924-1993 _991511 |
|
| 245 | 1 | 4 |
_aThe making of the English working class / _c[by] E. P. Thompson. |
| 264 | 1 |
_aNew York : _bVintage Books , _cc1966. |
|
| 300 |
_a848 p.; _c20 cm |
||
| 504 | _aIncludes bibliographical references and index. | ||
| 505 | _aI.The liberty tree -- II.The curse of adam -- III.The working-class presence. | ||
| 650 | 0 |
_aWorking class _zEngland _991512 |
|
| 651 | 0 |
_aEngland _xSocial conditions _9121610 |
|
| 651 | 0 |
_aİngiltere _xSosyal durum _9121611 |
|
| 942 | _cBK | ||